000 00450nam a2200181Ia 4500
001 21150
005 20260306172858.0
008 260306t2009||||xx |||||||||||||| ||spa||
041 _aESP
082 _a344C4
_bR78
100 _aRojas Vargas, Fidel [1958-...]
_eAUT
245 0 _aCódigo penal:
_b16 años de jurisprudencia sistematizada
260 _c2009
300 _a
_c24 cm.
650 _aGEN
654 _aCDE
942 _cLIB
_dJUS
_fJUS
_2ddc
_n
999 _c21150
_d21150